| 000 | 01226cam a22003377a 4500 | ||
|---|---|---|---|
| 003 | CHAP | ||
| 005 | 20220329135819.0 | ||
| 008 | 971013s1993 r 00010 d | ||
| 010 | _a42658 | ||
| 011 | _a43630 | ||
| 020 | _a9701300157 | ||
| 035 | _a47766 | ||
| 040 | _cCHAP | ||
| 082 |
_a574.16 _bI5 |
||
| 110 |
_aInstituto Nacional de Estadística, Geografía e Informática. México _959304 |
||
| 245 | 0 |
_aFecundidad _b: tabulados temáticos _c/por Instituto Nacional de Estadística Geografía e Informática |
|
| 260 |
_aAguascalientes, Ags. : _bINEGI, _c1993. |
||
| 300 | _a428 p. | ||
| 590 |
_aBATCH-UPD _b10 _c20130110 _lUCH01 _h1944 |
||
| 590 |
_aBATCH-UPD _b10 _c20130410 _lUCH01 _h1307 |
||
| 590 |
_aBATCH-UPD _b10 _c20130914 _lUCH01 _h1354 |
||
| 590 |
_aCONVERSION _b10 _c20130109 _lUCH01 _h1323 |
||
| 650 | 1 | 4 |
_aFecundidad. _939907 |
| 650 | 1 | 4 |
_aPoblación _xEstadísticas _zMéxico. _989385 |
| 901 | _aBK | ||
| 905 | _aAlejandra Carrasco M. | ||
| 942 | _cLIBRO | ||
| 949 |
_a574.16 I5 _bBC _cINEGI _d33724000494431 _eINEGI _h88944 _i47766 _mD _si |
||
| 949 |
_a574.16 I5 _bBC _cINEGI _d33724000494449 _eINEGI _fc.2 _gI. c/e _h88945 _i47766 _si |
||
| 949 |
_a574.16 I5 _bBC _cINEGI _d33724000843736 _eINEGI _fc.3 _h100916 _i47766 _mD _sb |
||
| 999 |
_c42658 _d42658 |
||